| 000 | 00846nam a2200217 i 4500 | ||
|---|---|---|---|
| 001 | 182435 | ||
| 003 | ES-MaACL | ||
| 005 | 20260127062554.0 | ||
| 008 | 130814s2011 sp | |||||||| | spa d | ||
| 020 | _a978-84-9982-812-1 | ||
| 080 | _a342.4(460)"1812" | ||
| 100 | 1 |
_aFernández, Tomás-Ramón. _949432 |
|
| 245 | 1 | 3 |
_aLa Constitución de 1812 : _butopía y realidad : discurso de apertura leído el día 24 de octubre de 2011 / _cpor el Excmo. Sr. D. Tomás Ramón Fernández Rodríguez. |
| 260 |
_aMadrid : _bDykinson, _c[2011] |
||
| 300 |
_a68 p. ; _c24 cm. |
||
| 594 | _aPrecede al tít.: Real Academia de Jurisprudencia y Legislación. | ||
| 610 | 1 |
_aEspaña. _tConstitución, 1812. _93652 |
|
| 700 |
_aReal Academia de Jurisprudencia y Legislación de España _9217612 |
||
| 852 | 4 |
_aES-MaACL _j2324-F-19 |
|
| 999 |
_c182435 _d182435 |
||